| 000 | 00833cam a2200241 i 4500 | ||
|---|---|---|---|
| 001 | 17592354 | ||
| 005 | 20161208110640.0 | ||
| 008 | 130116s2014 maua b 001 0 eng | ||
| 010 | _a 2012051586 | ||
| 020 | _a0273793349 | ||
| 020 | _a9780273793342 | ||
| 082 | 0 | 0 |
_a005.268 _223 _bSCH |
| 100 | 1 |
_933810 _aSchneider, David I. _eauthor. |
|
| 245 | 1 | 3 |
_aAn introduction to programming using Visual Basic 2012 / _cDavid I. Schneider. |
| 250 | _aNinth edition. | ||
| 300 |
_axxi, 684 pages : _billustrations (chiefly color) ; _c28 cm |
||
| 500 | _aRevision of: Introduction to programming using Visual Basic 2010. c2011. | ||
| 504 | _aIncludes bibliographical references and index. | ||
| 630 | 0 | 0 |
_aVisual Basic. _927410 |
| 650 | 0 |
_aBASIC (Computer program language) _933811 |
|
| 653 |
_bCiv _cSeptember2012 |
||
| 942 |
_2ddc _cBB |
||
| 999 |
_c17572 _d17544 |
||